| 000 | 00751nam a22002057a 4500 | ||
|---|---|---|---|
| 999 |
_c9612 _d9612 |
||
| 003 | AR-CdUCM | ||
| 008 | 190328b ||||| |||| 00| 0 spa d | ||
| 040 |
_aMUNICIPALIDAD PROVINCIAL DEL CUSCO _cBIBLIOTECA MUNICIPAL DEL CUSCO |
||
| 082 |
_a342.3 / _bM26 / 1930 |
||
| 100 |
_aMarquez, Fernando _925933 |
||
| 245 |
_aArtistismo : _bPrefacio de paz / |
||
| 260 |
_aBuenos Aires : _bLa Orden del Olivo, _c1930. |
||
| 300 |
_a268 páginas ; _bretrato, _c21 cm. |
||
| 505 | _aContenido: Umbral de la paz-Paz-paz internacional -- Vestíbulo de la paz-Paz nacional o social -- Artistismo-Morada de la paz-Paz personal. | ||
| 650 |
_aPaz _9757 |
||
| 650 |
_aPacifismo _921936 |
||
| 650 |
_aDerecho Internacional _95497 |
||
| 942 |
_2ddc _cLIBROS |
||
| 945 | _aachl | ||